000 01460nam a2200445 i 4500
001 15413
003 KOSZ 005
005 20200629113153.0
008 200414s1970 pl a f 001 0 pol
015 _aUWD 1970/3297
035 _a991035055949705066
035 _a(PL-WaBN)b19428807-48omnis_nlop
035 _ab19428807
035 _a(OCoLC)749901089
035 _a(PL)b0000001942880
035 _a(EXLNZ-48OMNIS_NETWORK)9910482824505606
040 _aWA N
_cWA N
_dKOSZ 005/RW
046 _k1970
080 _a512
080 _a(075.8)
100 1 _aTrajdos, Tadeusz
_d(1922-2002)
_eAutor
245 1 0 _aAlgebra :
_bwyznaczniki, macierze, liczby zespolone /
_cTadeusz Trajdos-Wróbel.
260 _aWarszawa :
_bWydawnictwa Politechniki Warszawskiej,
_c1970.
300 _a246 stron :
_bilustracje ;
_c24 cm.
336 _aTekst
_btxt
_2rdacontent
337 _aBez urządzenia pośredniczącego
_bn
_2rdamedia
338 _aWolumin
_bnc
_2rdacarrier
380 _aKsiążki
380 _aPublikacje dydaktyczne
388 _a1901-2000
388 _a1945-1989
504 _aIndeks.
650 7 _aAlgebra
_2DBN
655 7 _aPodręczniki akademickie
_2DBN
658 _aMatematyka
710 2 _aOficyna Wydawnicza Politechniki Warszawskiej
_4pbl
856 _uhttp://koha.tu.koszalin.pl/cgi-bin/koha/opac-detail.pl?biblionumber=15413
_yKatalog online BPK
942 _2UKD
_cKS
999 _c15413
_d15413